| 000 | 01515nam a2200337 a 4500 | ||
|---|---|---|---|
| 003 | CO-CtgCURN | ||
| 005 | 20250429224141.0 | ||
| 006 | a 000 0 | ||
| 007 | ta | ||
| 008 | 040623s2013 ck fr 000 1 spa d | ||
| 020 | _a9789586915663 | ||
| 040 |
_aCO-CtgCURN _bspa _ccoctgcurn |
||
| 082 | 0 | 4 |
_a370.71 _bC718 _220 |
| 110 | 2 | _aColombia. Ministerio de Educación Nacional. | |
| 245 | 1 | 0 |
_aSistema colombiano de formación de educadores y lineamientos de política / _cMinisterio de Educación Nacional. |
| 260 |
_aBogotá : _bMinisterio de Educación Nacional, _c2013. |
||
| 300 |
_a148 p : _btablas, fot., diagrs. |
||
| 336 | _2rdacontent | ||
| 337 |
_2rdamedia _asin mediacion _bn |
||
| 338 |
_2rdacarrier _avolumen _bnc |
||
| 500 | _aIncluye índices. | ||
| 504 | _aIncluye bibliografía (p. 145-147) | ||
| 505 | 8 | _aContextualización internacional y nacional de la formación de educadores -- Sistema colombiano de formación de educadores -- Subsistemas de formación de educadores: inicial, en servicio y avanzada -- Lineamientos de la política colombiana de formación de educadores | |
| 650 | 1 | 4 |
_aFormación profesional de maestros _zColombia. _2LEMB |
| 650 | 1 | 4 |
_aFormación de maestros _zColombia. _2LEMB |
| 650 | 1 | 4 |
_aPolítica educativa _zColombia. _2LEMB |
| 650 | 1 | 4 |
_aCalidad de la educación _zColombia. _2LEMB |
| 650 | 1 | 4 |
_aInnovaciones educativas _zColombia. _2LEMB |
| 852 | _915000 | ||
| 942 |
_cBK _h370.71 _iC718 _2ddc |
||
| 999 |
_c40828 _d40828 |
||